Normal view
MARC view
- Poems
Entry Topical Term
001 - CONTROL NUMBER
- control field: 86224
003 - CONTROL NUMBER IDENTIFIER
- control field: OSt
005 - DATE AND TIME OF LATEST TRANSACTION
- control field: 20250408090235.0
008 - FIXED-LENGTH DATA ELEMENTS
- fixed length control field: 250408|| aca||aabn | a|a d
040 ## - CATALOGING SOURCE
- Original cataloging agency: OSt
- Transcribing agency: OSt
150 ## - HEADING--TOPICAL TERM
- Topical term or geographic name as entry element: Poems
- Form subdivision: Juvenile Literature
670 ## - SOURCE DATA FOUND
- Source citation: Work cat.: (OSt)48820: Crebbin, June 86223, The booktime book of fantastic first poems /, 2008